000 00685nam a2200229 4500
003 OSt
005 20240624021622.0
006 a
008 240624b |||||||| |||| 00| 0 eng d
020 _a9789719348290
040 _aDWCL-Main lib.
_cOC
082 _aCirc. 641.815 G619 2011
245 _aGoldilocks bakebook : favorite recipes from the Philippines’ best-loved bakeshop /
260 _aMandaluyong City, Phils. :
_bGoldilocks Bakeshop,
_cc2011.
300 _axi,
_b203 p. : col. ill. ;
_c22 cm.
504 _aIncludes appendix.
650 _a1. Baking.
650 _a2. Cake.
650 _a3. Pastry.
650 _a4. Desserts.
942 _2ddc
_n0
_cBK-CIRC
_kCirc.
999 _c1183
_d1183